000 00601nam a2200229Ia 4500
003 OSt
005 20221007063312.0
006 a|||||r|||| 00| 0
007 ta
008 221006b |||||||| |||| 00| 0 eng d
024 _a1,031
037 _cTextual
040 _aFLL
_cFLL
_beng
041 _2eng
_aeng
082 _aX62:Z2, J8;L2
100 _aTannan B.R.
_9684027
245 0 _aBanking Law and Practice in India
250 _a13th
260 _aBombay
_bThacker & Co., Ltd. India
_c1971
942 _hX62:Z2, J8;L2
_cTEXL
_2CC
999 _c1130931
_d1130931